Directions by the Chairman, Maharashtra Legislative Council, (Record no. 83416)
[ view plain ]
| 000 -LEADER | |
|---|---|
| fixed length control field | 00844cam a22002291 4500 |
| 001 - CONTROL NUMBER | |
| control field | sa 68010501 |
| 003 - CONTROL NUMBER IDENTIFIER | |
| control field | DLC |
| 005 - DATE AND TIME OF LATEST TRANSACTION | |
| control field | 20260227112552.0 |
| 008 - FIXED-LENGTH DATA ELEMENTS--GENERAL INFORMATION | |
| fixed length control field | 750521s1967 xx 000 0 eng |
| 010 ## - LIBRARY OF CONGRESS CONTROL NUMBER | |
| LC control number | sa 68010501 |
| 035 ## - SYSTEM CONTROL NUMBER | |
| System control number | (OCoLC)1348478 |
| 040 ## - CATALOGING SOURCE | |
| Original cataloging agency | DLC |
| Transcribing agency | NSyU |
| Modifying agency | DLC |
| 042 ## - AUTHENTICATION CODE | |
| Authentication code | premarc |
| 050 00 - LIBRARY OF CONGRESS CALL NUMBER | |
| Classification number | JQ620.M265 |
| Item number | A52 |
| 082 ## - DEWEY DECIMAL CLASSIFICATION NUMBER | |
| Classification number | 328.54/792/05 |
| 110 1# - MAIN ENTRY--CORPORATE NAME | |
| Corporate name or jurisdiction name as entry element | Maharashtra (India). |
| Subordinate unit | Legislature. |
| -- | Legislative Council. |
| 245 10 - TITLE STATEMENT | |
| Title | Directions by the Chairman, Maharashtra Legislative Council, |
| Remainder of title | under the Maharashtra Legislative Council rules. |
| 260 ## - PUBLICATION, DISTRIBUTION, ETC. | |
| Place of publication, distribution, etc. | Bombay, |
| Name of publisher, distributor, etc. | Director, Govt.Print. and Stationery, Maharashtra State |
| Date of publication, distribution, etc. | [1967] |
| 300 ## - PHYSICAL DESCRIPTION | |
| Extent | 19p. |
| Other physical details | forms. |
| Dimensions | 21cm. |
| 500 ## - GENERAL NOTE | |
| General note | At head of title: Maharashtra Legislature Secretariat. |
| 610 10 - SUBJECT ADDED ENTRY--CORPORATE NAME | |
| Corporate name or jurisdiction name as entry element | Maharashtra (India). |
| Subordinate unit | Legislature. |
| -- | Legislative Council |
| General subdivision | Rules and practice. |
No items available.